| 000 | 00722nam a22001697a 4500 | ||
|---|---|---|---|
| 008 | 230622b |||||||| |||| 00| 0 eng d | ||
| 020 | _a0-907567-30-4 | ||
| 040 |
_aNational Science Library _cNational Science Library |
||
| 080 |
_a628.1(082.2) _bM2 |
||
| 245 |
_aWater resources management in industrial areas _c/ Selected papers from the international symposium held by the International Water Resources Association 7-11 September, 1981 Lisbon, Portugal sponsored by.............................Association |
||
| 260 |
_aDublin: _bTycooly International Publishing Ltd, _c1982 |
||
| 300 | _aviii, 463p. | ||
| 490 | _aWater resources series | ||
| 650 | _aSymposium | ||
| 700 | _aBeard, Leo R (Ed.) | ||
| 942 |
_2udc _cSYM |
||
| 999 |
_c46133 _d46133 |
||